000 00407nam a2200145Ia 4500
008 220217s9999||||xx |||||||||||||| ||und||
020 _a0-07-462235-8
082 _a621.395 MAL
100 _aMalvino, Albert Paul Brown, Jerald, A
245 0 _aDigital computer electronics
250 _a3rd
260 _aTata mcgraw hill
_bNew Delhi
_c2001
300 _b0
650 _aDIGITAL DESIGN/LOGIC DESIGN
999 _c168004
_d168004